000
00311nam a2200133Ia 4500
008
191201s2008 xx 000 0 und d
082
_a
658.32
_b
SIC
100
_a
Singh, Soni Shyam
245
0
_a
Compensation Managment
260
_a
-
_b
Excel Books
_c
2008
300
_a
270
650
_a
MBA
942
_2
ddc
_c
BK
_0
2
999
_c
3479
_d
3479